LEADER 00651nab a2200145 i 4500 001 000000266689 003 CaOOAMICUS 005 20070514000000.0 008 070514n xx uu u0 0und r 013 $a10812 040 $aSeMil$bita 245 10$aAcqua, scatta l'emergenza :$bla previsione di Salvatore Furia : «Sarà un'estate difficile». - 27 p. - Titolo principale dalla prima pagina. 500 $a29 APRILE 2007. 773 0 $t[2007.$dVarese : Ediluce, 2007.$w()162189 996 $6245$aAcqua, scatta l'emergenza :$bla previsione di Salvatore Furia : «Sarà un'estate difficile». - 27 p. - Titolo principale dalla prima pagina.$9(OLS)http://semarc/title/357999 LEADER 00958nam a2200265 i 4500 001 000000125013 003 CaOOAMICUS 005 20051011000000.0 008 051011s1987 it u000 u ita u 013 $a97711 040 $aSeMil$bita 100 1 $aIonesco, Eugène,$d<1909-1994>.$0(OLS)http://semarc/name/26337 245 13$aLa mano dipinge /$cEugène Ionesco. 260 $aBologna :$bCappelli,$ccopyr. 1987. 300 $a79 p. :$briccamente ill. ;$c24 cm. 490 0 $aIndiscipline ;$v39 500 $aFondo Ciprandi. 650 4$aPittura.$0(OLS)http://semarc/subject/471 830 0$aIndiscipline ;$v39.$0(OLS)http://semarc/title/12611 850 $aSeMil 852 $aSeMil$W1$xVenegono$y1$m5N VI 64$j79512$B79512$CSeMilBibl$Z2$F104144 $81 941 1 $a1 961 $aOmaggio: Ciprandi dott. Paolo 996 $6245$aLa mano dipinge$9(OLS)http://semarc/title/184060 996 $6260$aBologna :$bCappelli$9(OLS)http://semarc/publisher/29689